[Event "Veyangoda Queenstar op"]
[Site "Veyangoda"]
[Date "2023.04.16"]
[Round "2"]
[White "Athavan, RK."]
[Black "Yaparathne, YMLIK"]
[Result "1-0"]
[WhiteElo "1869"]
[BlackElo "1153"]
[PlyCount "47"]
[EventDate "2023.04.16"]
[EventType "swiss"]
[EventRounds "9"]
[EventCountry "SRI"]
[SourceTitle "EXT 2024"]
[Source "ChessBase"]
[SourceDate "2023.10.10"]
[SourceVersion "1"]
[SourceVersionDate "2023.10.10"]
[SourceQuality "1"]

1. d4 d5 2. c4 Bf5 3. Nc3 dxc4 4. e4 Bg6 5. Bxc4 e6 6. Nf3 c6 7. 0-0 Nf6 8. Re1 Be7 9. Bg5 Nxe4 10. Nxe4 Bxe4 11. Rxe4 Bxg5 12. d5 0-0 13. dxe6 fxe6 14. Bxe6+ Kh8 15. Qb3 b6 16. Ne5 Qe7 17. Qh3 Bh6 18. Rae1 Na6 19. Bc4 Qb7 20. Qh5 Nc5 21. R4e2 b5 22. Nf7+ Rxf7 23. Bxf7 Rf8 24. Re8 1-0